| 000 | 00490cam a2200193ua 4500 | ||
|---|---|---|---|
| 020 | _c160.00 | ||
| 041 |
_aeng _h |
||
| 082 |
_a005.74 _bULL/PR |
||
| 100 | _aUllman, Jeffrey D . | ||
| 245 |
_aPrinciples of database system / _cJeffrey D Ullman. _hTextual Documents |
||
| 250 |
_a2 / _b. |
||
| 260 |
_aNewdelhi : _bGalgotia publications private ltd. , _c1996. |
||
| 300 | _a484 ; . | ||
| 365 | _a160.00 | ||
| 500 | _a*CSS | ||
| 504 | _a | ||
| 942 | _cBK | ||
| 999 |
_c2679 _d2679 |
||